| 000 | 00856nam a22002537i 4500 | ||
|---|---|---|---|
| 003 | URS | ||
| 005 | 20220307110413.0 | ||
| 008 | 170331b xxu||||| |||| 00| 0 eng d | ||
| 020 | _a9812657290 | ||
| 040 |
_erda _cURS _bEnglish |
||
| 050 |
_aRA410 _b.Sa59 2006 |
||
| 100 |
_aSanterre, Rexford E., _eauthor. _91220 |
||
| 245 |
_aHealth economics : _btheories, insights and industry studies / _cRexford E. Santerre, Stephen P. Neun. |
||
| 250 | _aThird edition. | ||
| 264 | 1 |
_aSingapore : _bThomson Learning Asia, _c©2006. |
|
| 300 |
_axvi, 584 pages : _billustrations ; _c23 cm. |
||
| 336 |
_atext _btxt _2rdacontent |
||
| 337 |
_aunmediated _bn _2rdamedia |
||
| 338 |
_avolume _bnc _2rdacarrier |
||
| 504 | _aIncludes bibliographical references and index. | ||
| 650 | _aMedical economics. | ||
| 700 |
_aNeun, Stephen P., _91222 _eauthor. |
||
| 942 |
_2lcc _cFR |
||
| 999 |
_c10879 _d10879 |
||